Fr. Conceicao Rodrigues College of Engineering

Practical Hydraulics (Record no. 30274)

MARC details
000 -LEADER
fixed length control field 00259nam a2200121Ia 4500
100 ## - MAIN ENTRY--PERSONAL NAME
Personal name Altland/ George
245 ## - TITLE STATEMENT
Title Practical Hydraulics
260 ## - PUBLICATION, DISTRIBUTION, ETC.
Name of publisher, distributor, etc. Vickers Div.
Place of publication, distribution, etc. USA
300 ## - PHYSICAL DESCRIPTION
Extent 35
546 ## - LANGUAGE NOTE
Language note ENGLISH
654 ## - SUBJECT ADDED ENTRY--FACETED TOPICAL TERMS
Focus term Practical Hudraulics
942 ## - ADDED ENTRY ELEMENTS (KOHA)
Koha item type BOOK
Holdings
Withdrawn status Lost status Damaged status Not for loan Collection Home library Current library Date acquired Cost, normal purchase price Inventory number Total Checkouts Full call number Barcode Date last seen Cost, replacement price Price effective from Koha item type
        AFT Fr. Agnel's C.Rodrigues College of Engineering Fr. Agnel's C.Rodrigues College of Engineering 17/03/2023 10.00 v.s.7339   AFT2050 17/03/2023 10.00 17/03/2023 BOOK